Democracia liberal vs. democracia comunitaria /

Se habla desde la realidad del Estado-latinoamericano y de la realidad del pueblo que forma parte de él de una manera integrada. Sitúa la oposición de una democracia comunitaria a una democracia liberal que no es sólo una oposición conceptual sino que permite mencionar el impacto del poder en las su...

Descripció completa

Guardat en:
Dades bibliogràfiques
Autor principal: García Linera, Alvaro
Format: Text
Matèries:
Etiquetes: Afegir etiqueta
Sense etiquetes, Sigues el primer a etiquetar aquest registre!

MARC

LEADER 00000 a a2200000 04500
001 40198
003
040
100 |a García Linera, Alvaro  
245 |a Democracia liberal vs. democracia comunitaria /  |c Alvaro García Linera  
520 |a Se habla desde la realidad del Estado-latinoamericano y de la realidad del pueblo que forma parte de él de una manera integrada. Sitúa la oposición de una democracia comunitaria a una democracia liberal que no es sólo una oposición conceptual sino que permite mencionar el impacto del poder en las subjetividades.  
650 |a DEMOCRACIA  
650 |a PLURALISMO CULTURAL  
650 |a ESTADO  
650 |a BOLIVIA  
773 |g páginas 71-82  
999 |c 39822  |d 39822